000 00408nam a2200193Ia 4500
008 151119s9999||||xx |||||||||||||| ||und||
082 _a220
082 _bGKKV4238
100 _aAMERICAN BIBLE
245 _aHOLY BIBLE
260 _a--
260 _b--
260 _c0
600 _aAMERICAN BIBLE
630 _aHOLY BIBLE
700 _aAMERICAN BIBLE
730 _aHOLY BIBLE
942 _cBOOK
999 _c1059603
_d1059600